000 00518nam a2200181Ia 4500
005 20250326140254.0
008 250326s9999 xx 000 0 und d
037 _aTextbook
040 _aFMSL
_beng
_cFMSL
041 _aeng
_2eng
084 _aX:8 M1
_qFMSL
100 _aPareek U
245 0 _aBeyond management: essays on the processes of institution building
_cPareek U
260 _aNew Delhi
_bNew Delhi, Oxford & IBH
_c1981
300 _a175p
942 _cTB
_hX:8 M1
999 _c1285051
_d1285051